Guess The Artist By Letter (Q) - Statistics

General Stats
  • This quiz has been taken 67 times
  • The average score is 2 of 7
Answer Stats
Hint Answer % Correct
Bohemian Rhapsody Queen
100%
Cum On Feel the Noize Quiet Riot
52%
Harden My Heart Quarterflash
22%
UNITY Queen Latifah
15%
C'Mon N' Ride It (The Train) Quad City DJ's
8%
Dancing In Heaven Q-Feel
3%
Bad Character Quasimoto
3%
No matching quizzes found
Score Distribution
Percent of People with Each Score
Percentile by Number Answered
Your Score History
You have not taken this quiz